| 000 | 00746nam a2200217 a 4500 | ||
|---|---|---|---|
| 001 | 47247 | ||
| 003 | BD-RjUL | ||
| 005 | 20211209054301.0 | ||
| 008 | 160807s1989 bg ||||| |||| 00| 0 ben d | ||
| 020 | _c: Tk. 48.00 | ||
| 035 | _a(BD-RjUL)47366 | ||
| 040 |
_aBD-RjUL _bben _cBD-RjUL |
||
| 041 | _aben | ||
| 082 |
_223 _a351 _bLOK 1989 |
||
| 245 | 0 | 0 |
_aলোকপ্রশাসন সার / _cমোহাম্মদ শামসুর রহমান, অনুবাদ |
| 260 |
_aঢাকা : _bবাংলা একাডেমী, _c১৯৮৯ |
||
| 300 |
_a[১১], ১৮৬ পৃ. ; _c১৯ সেমি. |
||
| 650 |
_aলোকপ্রশাসন _9143836 |
||
| 650 |
_aPublic Administration _9143837 |
||
| 942 |
_2ddc _cBK |
||
| 999 |
_c47247 _d47247 |
||